Normal view
MARC view
- Chauhan,D.K.
Entry Personal Name
001 - CONTROL NUMBER
- control field: 3356
003 - CONTROL NUMBER IDENTIFIER
- control field: NUST
005 - DATE AND TIME OF LATEST TRANSACTION
- control field: 20170718122230.0
008 - FIXED-LENGTH DATA ELEMENTS
- fixed length control field: 170718|| aca||aabn | a|a d
040 ## - CATALOGING SOURCE
- Original cataloging agency: NUST
- Transcribing agency: NUST
100 ## - HEADING--PERSONAL NAME
- Personal name: Chauhan,D.K.
670 ## - SOURCE DATA FOUND
- Source citation: Work cat.: (NUST): Chauhan,D.K., Environmental Nanotechnology:, 2015
